| 000 | 00789nam a22002177a 4500 | ||
|---|---|---|---|
| 005 | 20120906120247.0 | ||
| 008 | 120906t xxu||||| |||| 00| 0 eng d | ||
| 010 | _aENG-105793 | ||
| 020 |
_a9788182471948 _c495.00 |
||
| 035 | _aEN-89326 | ||
| 037 | _bDBAD/PUB | ||
| 040 |
_aDPL _bEnglish |
||
| 082 | _a342.540853 | ||
| 100 |
_952052 _aVermani, Ashutosh |
||
| 245 |
_aThe Right to Information / _cby Ashutosh Vermani |
||
| 260 |
_aChandigarh _bWhite Leaf International _c2012 |
||
| 270 |
_aS.C.O. 57-59, Sector-17C Basement _bChandigarh _e17 |
||
| 300 |
_a240p. _c22cm(Hb) |
||
| 942 |
_2ddc _cEN _h342.540853 _mVER |
||
| 999 |
_c69750 _d69750 |
||